000 00888 am a2200229 a 4500
005 20240521093734.0
008 100406s1999||||ag ||||f |||| 000 0 spa d
020 _a9879907361
041 _aspa
092 _c618.92
_l13
_sCRI
110 1 _aSociedad Argentina de Pediatría
_bComité Nacional de Gastroenterología
_9288
245 _aCriterios de diagnóstico y tratamiento de la diarrea aguda en la infancia /
_cSociedad Argentina de Pediatría
250 _a1a ed.
260 _aBuenos Aires:
_bSociedad Argentina de Pediatría;
_c1999.
300 _a38 p.
500 _aSociedad Argentina de Pediatría. (1999). Criterios de diagnóstico y tratamiento de la diarrea aguda en la infancia. (1a ed.). Buenos Aires : Sociedad Argentina de Pediatría.
653 _aPediatria
653 _aDiarrea aguda
653 _aDiagnóstico y tratamiento
930 _a1861
942 _2ddc
_cBK
999 _c225
_d225